Výběr smluv Rady Evropy
Salvato in:
| Ente Autore: | |
|---|---|
| Natura: | Libro |
| Lingua: | ceco |
| Pubblicazione: |
Praha
Prospektrum
2001
|
| Soggetti: | |
| Tags: |
Nessun Tag, puoi essere il primo ad aggiungerne!!
|
MARC
| LEADER | 00000nam$a2200000$$$4500 | ||
|---|---|---|---|
| 001 | 0035437 | ||
| 005 | 20240315114752.0 | ||
| 020 | |a 80-7175-103-0 | ||
| 041 | 0 | |a cze | |
| 044 | |a CZ | ||
| 245 | 1 | 0 | |a Výběr smluv Rady Evropy |
| 264 | 1 | |a Praha |b Prospektrum |c 2001 | |
| 300 | |a 496 s. | ||
| 610 | 2 | 0 | |a Rada Európy |
| 610 | 2 | 0 | |a zmluvy medzinárodné |
| 610 | 2 | 0 | |a dohody medzinárodné |
| 610 | 2 | 0 | |a práva ľudské |
| 610 | 2 | 0 | |a menšiny národnostné |
| 610 | 2 | 0 | |a spolupráca cezhraničná |
| 610 | 2 | 0 | |a kultúra |
| 610 | 2 | 0 | |a šport |
| 610 | 2 | 0 | |a médiá |
| 610 | 2 | 0 | |a právo |
| 610 | 2 | 0 | |a ochrana prostredia životného |
| 610 | 2 | 0 | |a zabezpečenie sociálne |
| 610 | 2 | 0 | |a zdravotníctvo |
| 710 | 2 | |a Council of Europe | |